| 000 | 00390cam a2200145ua 4500 | ||
|---|---|---|---|
| 041 |
_aeng _h |
||
| 082 |
_a030 _bJON/WO |
||
| 100 | _aJones, Morris J. | ||
| 245 | 0 | 0 |
_aWorld book encyclopaedia, Vol 7 / _cMorris J Jones. _hTextual Documents |
| 260 |
_aChicago : _bField Enterprise Eduacational Corporation , _c1961. |
||
| 300 | _a436 ; . | ||
| 504 | _a | ||
| 942 | _cBK | ||
| 999 |
_c9109 _d9109 |
||